000 00445nam a2200181Ia 4500
003 GCL
008 140319s9999 xx 000 0 eng d
040 _aGCL /
_cGCL
082 0 4 _a822.33
_bS O
100 1 _aSHAKESPEARE, WILLIAM
245 1 0 _aOTHELLO /
_cSHAKESPEARE, WILLIAM
260 _a[S.N] :
_bLONGMAN
300 _a416 P
650 0 4 _aENGLISH LITERATURE
650 0 4 _aLITERATURE
650 0 4 _aSHAKESPEARE, WILLIAM
942 _2ddc
_cBK
999 _c24985
_d24985